| 000 | 00653nam a22002650a 4500 | ||
|---|---|---|---|
| 001 | PT34212 | ||
| 003 | AR-LpoUNG | ||
| 005 | 20210131230155.0 | ||
| 008 | 191001s2007||||ag |||||||||||||||||spa d | ||
| 020 |
_a9789505817412 _c$3.25 |
||
| 040 |
_aAR-LpoUNG _bspa _cAR-LpoUNG _eaacr |
||
| 041 | _aspa | ||
| 044 | _aag | ||
| 082 | 0 | _a808.068 3 491his | |
| 100 | 1 | _aDevetach, Laura | |
| 245 | 1 | 0 | _aHistoria de Ratita |
| 250 | _a1§ edición | ||
| 260 |
_aBuenos Aires : _bColihue, _c2007. |
||
| 300 |
_a32 p. : _btbls. |
||
| 650 | 4 | _aCUENTOS | |
| 653 | _aLITERATURA INFANTIL | ||
| 700 | 1 |
_aLima, Juan Manuel _eil. |
|
| 905 | _a34212 | ||
| 942 | _cLIB | ||
| 999 |
_c1861 _d1861 |
||